Българската тема в западноевропейската книжнина XV-XVII век (Запис номер 192819)
[ съкратено ]
| 000 -Лидер | |
|---|---|
| Контролно поле с фиксирана дължина | nam a22 a 4500 |
| 003 - Код на организацията, давaща контролен номер | |
| Контролно поле | BLK |
| 005 - Дата и час на последна редакция | |
| Контролно поле | 20230224091612.0 |
| 008 - Елементи от данни с фиксирана дължина | |
| fixed length control field | 180411b bul|||||r ||||||| ||bul|| |
| 010 ## - Наследен системен номер | |
| LC control number | KNG00202027000 |
| 040 ## - Източник на каталожния запис | |
| Идентификатор на билиотеката - собственик на записа | BLK |
| 041 ## - Код за език | |
| Код за езика на текст/звукозапис или на отделно заглавие | Български |
| Код за езика КДБФ | Български |
| 080 ## - УДК | |
| Текстов определител УДК | История на България |
| УДК код - определител по УДК | 94(497.2) |
| УДК - код + определител | 94(497.2) |
| 080 ## - УДК | |
| Текстов определител УДК | Историческа наука. Помощни исторически науки |
| УДК код - определител по УДК | 930 |
| УДК определител | (4-15) |
| УДК - код + определител | 930(4-15) |
| 080 ## - УДК | |
| Текстов определител УДК | Цивилизация. Култура. Прогрес. История на културата вж 930.85 |
| УДК код - определител по УДК | 008 |
| УДК определител | (4-15)(091) |
| УДК - код + определител | 008(4-15)(091) |
| 100 1# - Редна дума - Автор | |
| Автор | Заимова, Рая Йорданова |
| Авторска отговорност | първи автор |
| R(LIN) | 371896 |
| 139 ## - Редно поле | |
| Редна дума | Заимова, Рая Йорданова |
| Авторски знак | Заим - З 24 |
| 245 10 - Сведения за заглавието | |
| Заглавие | Българската тема в западноевропейската книжнина XV-XVII век |
| Редно поле (дума) | Рая Йорданова Заимова. |
| 257 ## - Страна на издаване | |
| Страна на създаване/издаване | България |
| 260 ## - Област на издателските данни | |
| Място на издаване, разпространение и проч. | София |
| Име на издателя, разпространителя и проч. | Унив. изд. Св. Климент Охридски |
| Година на издаване | 1992 |
| 300 ## - Физическа характеристика | |
| Страници | 227 с., 12 л. |
| Илюстрации и др. | ил., факс. |
| Размери/Мащаб | 20 см |
| 380 ## - Жанр | |
| Жанр | История |
| 500 ## - Общи забележки | |
| Забележка | Библиогр. с. 210-217 ; Рез на фр., англ. ез. |
| 650 #4 - Допълнително описание по предмет – тема | |
| Основно описание – тема или топоним | България - историография |
| 9 (RLIN) | 338680 |
| 650 #4 - Допълнително описание по предмет – тема | |
| Основно описание – тема или топоним | Западноевропейска литература |
| 9 (RLIN) | 241633 |
| 650 #4 - Допълнително описание по предмет – тема | |
| Основно описание – тема или топоним | Култура - България - история |
| 9 (RLIN) | 251094 |
| 650 #4 - Допълнително описание по предмет – тема | |
| Основно описание – тема или топоним | Западна Европа - култура |
| 9 (RLIN) | 284857 |
| 852 ## - Местоположение | |
| Форматна сигнатура | Цб 169137 |
| Фондова буква | Хранилище |
| 856 4# - Електронен адрес и достъп | |
| Електронен формат | pdf - файл |
| Инструкция (цена за достъп) | 0.00 |
| Права за достъп | disable |
| 856 4# - Електронен адрес и достъп | |
| Електронен формат | pdf - файл |
| Инструкция (цена за достъп) | 0.00 |
| Права за достъп | disable |
| 999 ## - СИСТЕМНИ КОНТРОЛНИ НОМЕРА | |
| Koha biblionumber | 192819 |
| Koha biblioitemnumber | 192819 |
| 942 ## - АРТИКУЛИ | |
| Вид на библиотечния материал | Книги |
| Скрит в OPAC | Не |
| Периодичен библиозапис | Да |
| 944 ## - СЪЗДАВАНЕ И РЕДАКЦИЯ на ЗАПИСА | |
| Създаване/Редакция | Създаване |
| Дата на регистрацията/редакция | 01.03.2017 |
| Служител, извършил регистрацията/редакцията | Нора_Радева |
| 944 ## - СЪЗДАВАНЕ И РЕДАКЦИЯ на ЗАПИСА | |
| Създаване/Редакция | Редакция |
| Дата на регистрацията/редакция | 01.03.2017 |
| Служител, извършил регистрацията/редакцията | Нора_Радева |
| 999 ## - СИСТЕМНИ КОНТРОЛНИ НОМЕРА | |
| Koha biblioitemnumber | 192819 |
| Код за отписване | Код за изгубен артикул | Източник на класификационната схема | Код за повреда | Коз за рестрикции | Код за отдаване | Артикулен № | Име на библиотеката - собственик | Име на библиотеката, в която се намира в момента | Статус (Текущо местоположение) | Дата на вписване в системата | Местоположение - отдел | Цена в лева | Инвентарен номер | Систематично азбучна сигнатура | Баркод | Номер на екземпляра | Цена в евро | Служебна бележка | Служебен тип на артикула | Бележка за публиката |
|---|---|---|---|---|---|---|---|---|---|---|---|---|---|---|---|---|---|---|---|---|
| Не е изгубен | Universal Decimal Classification | Не е повреден | без рестрикции | ползва се в читалня | 338008 | Регионална библиотека "Любен Каравелов" Русе | Регионална библиотека "Любен Каравелов" Русе | Хранилище | 1992-01-01 | Хранилище | 23.95 | 569641 | Цб 169137 | 120000569641 | 1 | 12.25 | Вид: Сф Дата: 01.01.1992 | Книги | ||
| Изтеглен | Не е изгубен | Universal Decimal Classification | Не е повреден | без рестрикции | заемане за дома | 338009 | Регионална библиотека "Любен Каравелов" Русе | Регионална библиотека "Любен Каравелов" Русе | Заемна - подръчен фонд | 1992-01-01 | Заемна - подръчен фонд | 1.68 | 578218 | П 949.72/З 24 | 578218 | 2 | 0.86 | Вид: Сф Дата: 01.01.1992 | Книги | |
| Изтеглен | Не е изгубен | Не е повреден | без рестрикции | заемане за дома | 338010 | Регионална библиотека "Любен Каравелов" Русе | Регионална библиотека "Любен Каравелов" Русе | 1992-01-01 | Заемна - подръчен фонд | 4.00 | 656933 | П 949.72/З 24 | 656933 | 3 | 2.05 | Вид: Сф Дата: 01.01.1992 | Книги | Отч.N: 3 , Дата: 17.01.2018 | ||
| Не е изгубен | Universal Decimal Classification | Не е повреден | без рестрикции | заемане за дома | 338011 | Регионална библиотека "Любен Каравелов" Русе | Регионална библиотека "Любен Каравелов" Русе | Дубликат | 1992-01-01 | Заемна - подръчен фонд | 4.00 | 656935 | 94(497.2)/З 24 | 120000656935 | 4 | 2.05 | Вид: Сф Дата: 01.01.1992 Дата инв: 19.02.2018 Бележки инв: П2018 | Книги |